NFL teams all time QB’s - Statistics

General Stats
  • This quiz has been taken 49 times
  • The average score is 46 of 99
Answer Stats
Hint Answer % Correct
packers aaron Rodgers
85%
Titans Warren moon
82%
patriots tom brady
79%
Buccaneers Tom brady
79%
Packers brett favre
77%
giants eli manning
77%
colts Peyton manning
77%
Broncos peyton manning
77%
saints archie manning
74%
chiefs patrick mahomes
74%
bills josh allen
72%
Falcons matt ryan
72%
bills jim kelly
69%
49ers joe Montana
69%
dolphins dan marino
67%
raiders derek carr
67%
eagles Jalen hurts
67%
bengals joe burrow
67%
lions matthew stafford
67%
rams matthew stafford
67%
chargers philip rivers
67%
seahawks Russell Wilson
67%
49ers Steve young
67%
cowboys dak Prescott
64%
Saints drew brees
64%
lions jared goff
64%
rams jared goff
64%
Vikings kirk cousins
64%
ravens lamar jackson
64%
cowboys tony romo
64%
colts andrew luck
62%
panthers cam newton
62%
texans deshaun Watson
62%
Chargers justin herbert
62%
cowboys troy aikman
62%
eagles Donovan mcnabb
59%
jets joe namath
59%
Broncos john elway
59%
cardinals kurt warner
59%
rams kurt warner
59%
steelers terry bradshaw
59%
bengals carson palmer
56%
Cardinals Carson palmer
56%
Ravens joe flacco
56%
colts johnny unitas
56%
Cowboys roger staubach
56%
packers bart Starr
54%
jags blake bortles
54%
patriots drew bledsoe
54%
Vikings fran tarkenton
54%
bears jay cutler
54%
bengals andy dalton
51%
texans matt schaub
51%
chargers dan fouts
49%
vikings daunte culpepper
49%
buccaneers jameis Winston
49%
Bengals ken anderson
49%
eagles randall Cunningham
46%
Redskins joe theismann
44%
chiefs len dawson
44%
titans steve McNair
44%
Buccaneers brad johnson
41%
Dolphins bob griese
38%
bears jim McMahon
38%
jags mark brunell
38%
browns otto graham
38%
bengals boomer esiason
36%
giants phil simms
36%
raiders jim plunkett
33%
raiders ken stabler
33%
raiders rich Gannon
31%
redskins doug williams
28%
49ers jeff Garcia
28%
chiefs trent green
28%
steelers ben Rothlisberger
26%
redskins sammy baugh
26%
Eagles norm van brocklin
23%
Seahawks dave krieg
21%
redskins mark rypien
21%
browns bernie kosar
18%
titans george blanda
18%
Bears sid luckman
18%
Giants Y.A tittle
18%
browns brian sipe
15%
jags david garrard
15%
cardinals jim hart
15%
redskins sonny jurgenson
15%
Lions bobby layne
13%
packers don majkowski
10%
49ers jimmy garapollo
10%
jets ken o’brien
10%
Rams roman gabriel
10%
steelers Kordell stewart
8%
seahawks matt hassleback
8%
cardinals neil lomax
8%
Panthers jake dehlomme
3%
titans ryan tannihill
3%
dolphins ryan tannihill
3%
falcons steve bartowski
3%
No matching quizzes found
Score Distribution
Percent of People with Each Score
Percentile by Number Answered
Your Score History
You have not taken this quiz